000 00875nas a2200277 4500
001 BR0303188
003 BR-BrBNA
005 20231205103903.0
007 ta
008 230509b bl.|||p| |||| 00| 00por d
040 _aBR-BrBNA
_bpor
_cBiblioteca Nacional de Agricultura
041 _a(Pt)
072 _aP33; F06
100 1 _aFigueiredo Júnior, L.G. de
100 1 _aOliveira, T.S. de
100 1 _aSoares, I.
100 1 _aLacerda, C.F. de
245 1 _aRedução dos teores de carbono orgânico, fósforo e potássio em colunas de um solo fertirrigado
650 _aSOLO
650 _aIRRIGAÇÃO LOCALIZADA
650 _aMATÉRIA ORGÂNICA
650 _aPROPRIEDADE FÍSICO-QUÍMICA
773 0 _tCiência Agronômica (Brazil)
_xISSN 0045-6888
_g(2002), v. 33(2) p. 33-42
_wBR0303188
909 _a202311
_bLúcia
_c55
_dLúcia Elande
942 _2AGRIS
_n0
_cANA
999 _c175272
_d175272